00685nam a22002057a 45000050016000000100014000160200026000300350013000560370013000690820008000821000023000902450036001132600037001492700063001863000019002494900039002689420022003079990017003299520133003462010081105235.0 aENG-99592 a9788188631663c400.00 aEN-83124 bDBAD/PUB a921 aKamla Singh911207 aNetaji S C Bosecby Kamla Singh aDelhibKunal Pustak Sansarc2010 aL-45 Street No.5, Shivaji Marg Kartar NagarbDelhie110053 a184pc21cm(Hb) aThe builder of modern India911208 2ddccENh921mKAM c41103d41103 001040718NFICaDBADbDBADd2010-08-11eDBAD/PUBg400.00l0o921 KAMpEN-83124r2010-08-11 00:00:00t1v400.00w2010-08-11yEN